Two Late New Kingdom or Early Third Intermediate Period Hieratic Graffiti in the Temple of Khonsu at Karnak /

This article examines two hieratic graffiti found in the Temple of Khonsu at Karnak during the ARCE Conservation Project. The texts probably date to the end of the Twentieth Dynasty up to the beginning of the Twenty-first Dynasty. A translation with commentary is supplemented by photographs and digi...

وصف كامل

محفوظ في:

المؤلف الرئيسي: Jasnow, Richard.

مؤلفون آخرون: Di Cerbo, Christina.

التنسيق: كتاب

اللغة: Undetermined

الوصول للمادة أونلاين: Login to view Source

الوسوم: إضافة وسم

لا توجد وسوم, كن أول من يضع وسما على هذه التسجيلة!

رقم الطلب:

LEADER 00863nam a2200121Ia 4500
008 220712s9999||||xx |||||||||||||| ||und||
100 1 |a Jasnow, Richard. 
245 1 0 |a Two Late New Kingdom or Early Third Intermediate Period Hieratic Graffiti in the Temple of Khonsu at Karnak /  |c Richard Jasnow. 
520 3 |a This article examines two hieratic graffiti found in the Temple of Khonsu at Karnak during the ARCE Conservation Project. The texts probably date to the end of the Twentieth Dynasty up to the beginning of the Twenty-first Dynasty. A translation with commentary is supplemented by photographs and digital facsimiles of the individual texts. 
700 1 |a Di Cerbo, Christina. 
856 4 |u https://lockwoodonlinejournals.com/index.php/jarce/workflow/access/16 
952 |0 0  |1 0  |4 0  |7 1  |9 42296  |a JARCE  |b JARCE  |d 2022-08-09  |l 0  |r 2022-08-09 00:00:00  |w 2022-08-09  |y PT 
999 |c 49059  |d 49059